000 00850cam a2200217 4500
001 WB3606-24
008 000000n2000 000 0 eng u
035 _a(Sirsi) u104099
245 _aOmbudsman for estate agents
260 _c2000
490 _aOmbudsman Scheme News Release
_v1 February 2000
490 _aEstate Agency News
_v(153) February 2000, 1(4)
520 _aThe Ombudsman for Estate Agents has announced changes to the scheme which it is hoped will encourage more agents to join. Meanwhile, the scheme has been given a boost with the largest estate agent group in the country, Countywide Assured, signing up.
590 _aWB
650 _aOMBUDSMAN FOR ESTATE AGENTS SCHEME
650 _aCOUNTRYWIDE ASSURED
650 _aESTATE AGENCY
650 _aSELF-REGULATION
690 _aPROPERTY AND LAND LAW-AGENCY
942 _n0
999 _c62474
_d62474